| 000 | 00806nam a22002297a 4500 | ||
|---|---|---|---|
| 001 | 44004 | ||
| 003 | BD-RjUL | ||
| 005 | 20211209053802.0 | ||
| 008 | 160712s1983 bg ||||| |||| 00| 0 ben d | ||
| 020 | _c: TK 23.00 | ||
| 035 | _a(BD-RjUL) 44122 | ||
| 040 |
_aBD-RjUL _bben _cBD-RjUL |
||
| 041 | _aben | ||
| 082 |
_223 _a891.44092 _bAHS 1983 |
||
| 100 |
_aআহসান, সৈয়দ আলী _9135165 |
||
| 245 | 1 | 0 |
_aসতত স্বাগত / _cসৈয়দ আলী আহসান |
| 260 |
_aঢাকা : _bইউনিভার্সিটি প্রেস, _c১৯৮৩ |
||
| 300 |
_a১৯৪ পৃ. ; _c২১ সেমি. |
||
| 650 |
_aBengali Writer _xBiography _9135166 |
||
| 650 |
_aবাংলা লেখক _xজীবনী _9135145 |
||
| 942 |
_2ddc _cBK |
||
| 999 |
_c44004 _d44004 |
||